| 000 | 00845nam a22003257a 4500 | ||
|---|---|---|---|
| 001 | BR9000870 | ||
| 003 | BR-BrBNA | ||
| 005 | 20230928093359.0 | ||
| 007 | ta | ||
| 008 | 230509b bl.||||| |||| 00| 0 por d | ||
| 040 |
_aBR-BrBNA _bpor _cBiblioteca Nacional de Agricultura |
||
| 041 | _a(Por) | ||
| 072 |
_aF04; F61 _b3866 |
||
| 090 | _ 3866 BR9000870 | ||
| 100 | 1 | _aAnon. | |
| 245 | 1 | _aMicronutrientes biocrop. | |
| 260 | 3 |
_aCampinas, SP (Brasil): _bMicroquimica industrias quimicas Ltda., _c1989. |
|
| 300 | _a101 p. | ||
| 500 | _a22 graphs; 20 tables; Bibliography p. 96-101 (61 ref.) | ||
| 650 | _aMICROELEMENTO | ||
| 650 | _aMOLIBDENIO | ||
| 650 | _aCOBALTO | ||
| 650 | _aZINCO | ||
| 650 | _aBORO | ||
| 650 | _aSOLO | ||
| 650 | _aPLANTA | ||
| 650 | _aABSORCAO | ||
| 909 |
_a202309 _bLucia _c55 _dLucia Elande |
||
| 942 | _cBK | ||
| 999 |
_c44660 _d44660 |
||